| Поле | Инд. | ПП | Название | Значение |
|---|---|---|---|---|
| Тип записи | a | |||
| Библиографический уровень | m | |||
| 001 | _ | Контрольный номер | RU/ЭБС IPR BOOKS/63352 | |
| 005 | Дата корректировки | 20250915131130.5 | ||
| 008 | Кодируемые данные | 211122s2016 RU y f j 000 1 rus u | ||
| 020 | a | ISBN | 2227-8397 | |
| 040 | c | Служба, преобразующая запись | ЭБС IPR BOOKS | |
| 041 | a | Код языка текста | rus | |
| 044 | a | Код страны публикации | RU | |
| 080 | a | Индекс УДК | 79 | |
| 084 | 2 | Источник индекса | rubbk | |
| a | Индекс другой классификации/Индекс ББК | 75.1 | ||
| 245 | a | Заглавие | Учебно-методическое пособие по курсу Физическая культура по теме Практические рекомендации для студентов, временно освобожденных от занятий физкультурой | |
| c | Ответственность | составители: И. В. Королев, С. А. Королева, А. А. Россихин | ||
| 250 | g | 2022-04-04 | ||
| a | Основные сведения об издании | Учебно-методическое пособие по курсу Физическая культура по теме Практические рекомендации для студентов, временно освобожденных от занятий физкультурой | ||
| 256 | a | Характеристики компьютерного файла | Электрон. дан. (1 файл) | |
| 260 | a | Место издания | Москва | |
| b | Издательство | Московский технический университет связи и информатики | ||
| c | Дата издания | 2016 | ||
| 300 | a | Объем | 16 с. | |
| 500 | a | Примечание | Книга находится в премиум-версии ЭБС IPR BOOKS. | |
| 516 | a | Прим. о типе комп. файла/ данных | Текст | |
| 520 | a | Аннотация | Учебно-методическое пособие предназначено тем, кто временно освобожден от занятий по физической культуре, но нуждается в зачете по этому предмету. | |
| 521 | a | Примеч. о целев. назн. | Гарантированный срок размещения в ЭБС до 04.04.2022 (автопролонгация) | |
| 538 | a | Прим. о системных особенностях | электронный | |
| 653 | a | Ключевые слова | физическая культура | |
| 653 | a | Ключевые слова | физическое воспитание | |
| 653 | a | Ключевые слова | спорт | |
| 653 | a | Ключевые слова | упражнение | |
| 653 | a | Ключевые слова | физическая нагрузка | |
| 653 | a | Ключевые слова | физическая подготовка | |
| 700 | 1_ | a | Другие авторы | Королев, И. В. |
| 4 | Код отношения | 220 | ||
| 700 | 1_ | a | Другие авторы | Королева, С. А. |
| 4 | Код отношения | 220 | ||
| 700 | 1_ | a | Другие авторы | Россихин, А. А. |
| 4 | Код отношения | 220 | ||
| 856 | 4_ | u | URL | http://www.iprbookshop.ru/63352.html |
| z | Примечание для пользователя | Участвует в КО |